Statistics for National Parks with Thermal Features

Click here to take the quiz!

General Stats

  • This quiz has been taken 11 times
  • The average score is 11 of 14

Answer Stats

National Park% Correct
Hawaii Volcanoes
100%
Hot Springs
100%
Lassen Volcanic
100%
Yellowstone
100%
Grand Teton
89%
Death Valley
78%
Katmai
78%
Mount Rainier
78%
Crater Lake
67%
Big Bend
56%
Lake Clark
56%
Olympic
56%
Sequoia
56%
Wrangell-St Elias
56%

Score Distribution

Percentile by Number Answered

Percent of People with Each Score

Your Score History

You have not taken this quiz